zpět

Detail výsledku týmu

BB69, Hradec Králové

Datum a čas kvízu

33 Celkem bodů Celkový počet nahraných bodů na tomto kvízu bez doplňovacích otázek.
2. Pořadí na kvízu Konečné umístění týmu na tomto kvízu.

Zaznamenané odpovědi

# Otázka Odpověď Body Výsledky
1. Někteří senátoři chtějí ve Va... lavička s popelníkem 0
2. Na Slovensku byl přetřásán stř... Ministerstvo životního prostředí 0
3. V pondělí jsme zažili údajně n... Blue Monday 1
4. Do švýcarského městečka Davos... Světové ekonomické fórum (WEF) 0
5. Šestadvacetiletý český motocyk... Jakub Kornfeil 1
6. Jelikož se o ostrovech zmiňuje... D 1
7. Jak se nazývá ostrov, na němž... Borneo 1
8. Za jistou formu "ostrova" se d... Lesotho 0
9. Ostrovid je druhové jméno jist... rys 1
10. Jak se jmenoval německý patolo... Paul Langerhans 0